Normal view
MARC view
- Coster Tom
Entry Personal Name
001 - CONTROL NUMBER
- control field: 22826
003 - CONTROL NUMBER IDENTIFIER
- control field: IT-RoPau
005 - DATE AND TIME OF LATEST TRANSACTION
- control field: 20140429114127.0
008 - FIXED-LENGTH DATA ELEMENTS
- fixed length control field: 140429|| aca||aabn | a|a d
040 ## - CATALOGING SOURCE
- Original cataloging agency: IT-RoPau
- Transcribing agency: IT-RoPau
100 ## - HEADING--PERSONAL NAME
- Personal name: Coster Tom
- Miscellaneous information: Codice autore testo/musica SPICS: 20799
- Relator term: Autore testo/musica
- Name of part/section of a work: Songs of Freedom
670 ## - SOURCE DATA FOUND
- Source citation: Work cat.: (IT-RoPau)98893: Santana Carlos 5239, Freedom Santana (Lp Cbs 4503941)